000 01184cam a2200325 a 4500
001 12508120
003 OSt
005 20151015162900.0
008 010820s2001 si a b 001 0 eng c
010 _a 2001273646
020 _a9810245505
020 _a9789810245566
020 _a9810245564 (pbk.)
035 _a(OCoLC)ocm47288263
040 _aCVU
_cCVU
_dAZS
_dDLC
042 _apcc
050 0 0 _aRB112.5
_b.V37 2001
082 0 0 _a612.01585
_221
_bJVC
100 1 _aVarcoe, John S.
_946116
245 1 0 _aClinical biochemistry :
_btechniques and instrumentation : a practical course /
_cJohn S. Varcoe.
260 _aSingapore ;
_aRiver Edge, NJ :
_bWorld Scientific,
_cc2001.
300 _a1 v. (various pagings) :
_bill. ;
_c26 cm.
504 _aIncludes bibliographical references and index.
650 0 _aClinical biochemistry
_vLaboratory manuals.
_946117
650 2 _aBiochemistry
_vlaboratory manuals.
_952220
856 4 1 _3Table of contents
_uhttp://www.loc.gov/catdir/toc/fy031/2001273646.html
906 _a7
_bcbc
_cpccadap
_d3
_encip
_f20
_gy-gencatlg
942 _2ddc
_cBOOK
999 _c38420
_d272920